000 00480nam a22001937a 4500
003 MPLRDC
005 20220104151240.0
008 210129b ||||| |||| 00| 0 eng d
020 _a986-7813-50-2
082 _a121.33 ZZS
100 _a周正舒、孙家俊编著
245 _a庄子逍遥人生
_c
250 _a初版
260 _a
_b吉根出版社
_c2003
300 _b
490 _a开拓人生. 10
650 _a先秦哲学--庄子
942 _cBK
_o121.33 ZZS
999 _c52276
_d52266